Sport in Filmen - Statistiken

Allgemein
  • Dieses Quiz wurde 63 mal gespielt
  • Das Durchschnittsergebnis liegt bei 9 aus 20
Antwortstatistiken
Filme Sportart % Korrekt
Rocky | Wie ein wilder Stier Boxen
100%
Das Wunder von Bern | Die wilden Kerle Fußball
98%
Ein toller Käfer | Le Mans Autorennen
77%
Like Mike | Space Jam Basketball
73%
Point Break / Könige der Wellen Surfen
72%
Die Braut des Prinzen | Die drei Musketiere Fechten
60%
Wahnsinn ohne Handicap | Happy Gilmore Golf
58%
Forrest Gump | Marty Supreme Tischtennis
53%
Sie nannten ihn Mücke | Spiel ohne Regeln American Football
50%
Die Bären sind los | Die Indianer von Cleveland Baseball
45%
Kingpin | The Big Lebowski Bowling
42%
Kon-Tiki | Wind Segelsport
28%
Kauf dir einen bunten Luftballon | I, Tonya Eiskunstlauf
27%
King Richard | Battle of the Sexes Tennis
27%
Sein letztes Rennen | Die Stunde des Siegers Laufen
20%
The Iron Claw | Nacho Libre Wrestling
18%
Dallas Buyers Club | Brokeback Mountain Rodeo
17%
Seabiscuit | Secretariat Pferderennen
13%
Haie der Großstadt | Die Farbe des Geldes Billard
10%
Vier irre Typen | Flying Scotsman Radsport
0%
Keine übereinstimmenden Quizze gefunden
Verteilung der Resultate
Anzahl Personen mit jedem Resultat
Perzentil nach korrekt beantworteten Fragen
Ihre Resultats-Entwicklung
Sie haben dieses Quiz noch nicht gespielt